Central excise law manual (with service tax) 2000-01 / (Record no. 127008)

MARC details
000 -LEADER
fixed length control field 00739nam a22002297a 4500
005 - DATE AND TIME OF LATEST TRANSACTION
control field 20170124110018.0
010 ## - LIBRARY OF CONGRESS CONTROL NUMBER
LC control number B-064934
020 ## - INTERNATIONAL STANDARD BOOK NUMBER
Terms of availability 450.00
International Standard Book Number 8175880708
035 ## - SYSTEM CONTROL NUMBER
System control number B-064934
037 ## - SOURCE OF ACQUISITION
Source of stock number/acquisition Cen Lib/Ret
040 ## - CATALOGING SOURCE
Original cataloging agency DPL
Language of cataloging EN
082 ## - DEWEY DECIMAL CLASSIFICATION NUMBER
Classification number 343.056
Item number JAI
100 ## - MAIN ENTRY--PERSONAL NAME
Personal name Jain, R. K.
9 (RLIN) 113175
245 ## - TITLE STATEMENT
Title Central excise law manual (with service tax) 2000-01 /
Statement of responsibility, etc by R. K. Jain
250 ## - EDITION STATEMENT
Edition statement 27th ed
260 ## - PUBLICATION, DISTRIBUTION, ETC. (IMPRINT)
Place of publication, distribution, etc New Delhi
Name of publisher, distributor, etc Centax Publications
Date of publication, distribution, etc 2000
270 ## - ADDRESS
City New Delhi
Address 1512-B, Bishm Pitamah Marg
Postal code 110003
300 ## - PHYSICAL DESCRIPTION
Extent various pagings
Dimensions 23cm(Hb)
650 ## - SUBJECT ADDED ENTRY--TOPICAL TERM
Topical term or geographic name as entry element Excise tax -- Law and legislation -- India
9 (RLIN) 14672
650 ## - SUBJECT ADDED ENTRY--TOPICAL TERM
Topical term or geographic name as entry element Excise tax -- Law and legislation
9 (RLIN) 19117
942 ## - ADDED ENTRY ELEMENTS (KOHA)
Source of classification or shelving scheme Dewey Decimal Classification
Koha item type English Books
Classification part 343.056
Call number suffix JAI
Holdings
Withdrawn status Lost status Damaged status Not for loan Home library Current library Date acquired Source of acquisition Cost, normal purchase price Total Checkouts Full call number Barcode Date last seen Copy number Cost, replacement price Price effective from Koha item type
        Central Library Central Library 27/06/2015 Cen Lib/Ret 450.00   343.056 JAI B-064934 27/06/2015 1 450.00 15/09/2016 English Books

© Delhi Public Library
Hit Counter
free hit counter